| 000 | 00842nam a2200253Ia 4500 | ||
|---|---|---|---|
| 003 | GCL | ||
| 008 | 140319s9999 xx 000 0 ara d | ||
| 040 |
_aGCL / _cGCL |
||
| 082 | 0 | 4 |
_a301.635 _bر ا |
| 100 | 1 | _aرفيق حبيب | |
| 245 | 1 | 0 |
_aالاحتجاج الدينى والصراع الطبقى فى مصر / _cرفيق حبيب |
| 260 |
_a[S.N] : _bسينا للنشر ، _c1989 |
||
| 300 | _a204 ص | ||
| 490 |
_aبطولات اسلامية _v0 |
||
| 650 | 0 | 4 | _aالاجتماع |
| 650 | 0 | 4 | _aالضبط الاجتماعى |
| 650 | 0 | 4 | _aالصراع الطائفى |
| 650 | 0 | 4 | _aالاجتماع الاسلامى |
| 650 | 0 | 4 | _aالطبقات الاجتماعية |
| 650 | 0 | 4 | _aالاجتماع الدينى |
| 650 | 0 | 4 | _aالصراع الاجتماعى |
| 650 | 0 | 4 | _aالاجتماع المسيحى |
| 942 |
_2ddc _cBK |
||
| 999 |
_c58578 _d58578 |
||